[Event "Udine Oro Caffe op 2nd"]
[Site "Udine"]
[Date "2009.07.12"]
[Round "7"]
[White "Piasentin, Oscar"]
[Black "Picco, Ruggero"]
[Result "0-1"]
[WhiteElo "1455"]
[BlackElo "2082"]
[PlyCount "37"]
[EventDate "2009.07.06"]
[EventType "swiss"]
[EventRounds "7"]
[EventCountry "ITA"]
[SourceTitle "EXT 2011"]
[Source "ChessBase"]
[SourceDate "2010.11.26"]
[SourceVersion "1"]
[SourceVersionDate "2010.11.26"]
[SourceQuality "1"]

1. e4 e5 2. Nf3 Nc6 3. Bb5 f5 4. exf5 e4 5. Qe2 Qe7 6. Bxc6 dxc6 7. Nd4 Nf6 8. Ne6 Bxe6 9. fxe6 Qxe6 10. Nc3 0-0-0 11. d3 Re8 12. Nxe4 Nxe4 13. dxe4 Qxe4 14. Qxe4 Rxe4+ 15. Kd1 Bc5 16. Bg5 Bxf2 17. Rf1 Bh4 18. Rf5 Re1+ 19. Kd2 0-1